Sài gòn năm xưa
Dựa vào cuốn Ký ức lục khảo về lịch sử Sài Gòn và vùng phụ cận của học giả Trương Vĩnh Ký viết năm 1885 (tức là sau 25 năm Sài Gòn bị thực dân Pháp chiếm đóng), Vương Hồng Sển đã... kể tiếp, nhắc lại những sự biến đổi từ thuở đo...
محفوظ في:
| المؤلف الرئيسي: | |
|---|---|
| التنسيق: | كتاب |
| اللغة: | Undetermined |
| منشور في: |
Tp. Hồ Chí Minh
Nxb Tp. Hồ Chí Minh
2004
|
| الموضوعات: | |
| الوسوم: |
إضافة وسم
لا توجد وسوم, كن أول من يضع وسما على هذه التسجيلة!
|
| Thư viện lưu trữ: | Trung tâm Học liệu Trường Đại học Cần Thơ |
|---|
| LEADER | 01534nam a2200217Ia 4500 | ||
|---|---|---|---|
| 001 | CTU_94269 | ||
| 008 | 210402s9999 xx 000 0 und d | ||
| 020 | |c 32000 | ||
| 082 | |a 915.97 | ||
| 082 | |b S254 | ||
| 100 | |a Vương, Hồng Sển | ||
| 245 | 0 | |a Sài gòn năm xưa | |
| 245 | 0 | |c Vương Hồng Sển | |
| 260 | |a Tp. Hồ Chí Minh | ||
| 260 | |b Nxb Tp. Hồ Chí Minh | ||
| 260 | |c 2004 | ||
| 520 | |a Dựa vào cuốn Ký ức lục khảo về lịch sử Sài Gòn và vùng phụ cận của học giả Trương Vĩnh Ký viết năm 1885 (tức là sau 25 năm Sài Gòn bị thực dân Pháp chiếm đóng), Vương Hồng Sển đã... kể tiếp, nhắc lại những sự biến đổi từ thuở đó cho đến ngày Sài Gòn trở về với dân Việt....Ở đây, tác giả chú trọng nhiều nhất là những đoạn sử vụn vặt buổi giao thời: Pháp - Nam - Chà - Chệc chung đụng, những chuyện Tây đến, Tây đi, những việc chưa ai nói rõ ràng, tác giả đã được nghe đến tận tai hoặc thấy tận mắt, nhiều đoạn do hiểu biết riêng, lắm đoạn nhờ các cố lão thuật lại. | ||
| 650 | |a South vietnam,Ho Chi Minh city | ||
| 650 | |x History,Description and travel | ||
| 904 | |i Mai Loan | ||
| 980 | |a Trung tâm Học liệu Trường Đại học Cần Thơ | ||